000
00507nam a2200181Ia 4500
008
090124s9999 xx 000 0 und d
082
_b
125450
100
_a
फडणीस गजानन
245
_a
तो राजहंस एक
250
_a
1
260
_c
1992
300
_a
226
600
_a
फडणीस गजानन
630
_a
तो राजहंस एक
700
_a
फडणीस गजानन
730
_a
तो राजहंस एक
942
_c
BOOK
999
_c
171538
_d
171538